000 02383nam a22003617a 4500
005 20090119120216.0
008 090119t xxu||||| |||| 00| 1 eng d
010 _aB-357773
020 _a9788123750927
_c19.00
035 _aB-357773
035 _aB-345446-425
037 _bTarun Books (vendor)
040 _adpl
_bEnglish
082 _aS
100 _aJoshi, Jagdish
245 _aFu-Ku:
_ban alien /
_cby Jagdish Joshi; translated by Kaveri Joshi
260 _aNew Delhi
_bNational Book Trust
_c2007
270 _aA-5 Green Park
_bNew Delhi
_e110016
300 _aUnpaged :
_bcol. photos
_c24.5cm(pbk)
700 _aJoshi, Kaveri
710 _aJoshi, Kaveri
942 _2ddc
_cCH
_hS
_mJOS
999 _c21200
_d21200